000 01932cam a2200373 a 4500
001 15664272
003 OSt
005 20140311162956.0
008 090318s2009 nyua b 001 0 eng
010 _a 2009009924
020 _a9780071623360 (pbk. : alk. paper)
020 _a0071623361 (pbk. : alk. paper)
035 _a(OCoLC)ocn277205713
040 _aDLC
_cDLC
_dYDX
_dBTCTA
_dYDXCP
_dGO4
_dJRS
_dEINCP
_dVP@
_dQBX
_dDLC
050 0 0 _aRJ 506.A9
_b.D442 2009
100 1 _aDelaney, Tara.
245 1 0 _a101 games and activities for children with autism, Asperger's, and sensory processing disorders /
_cTara Delaney.
246 3 _aOne hundred and one games and activities for children with autism, Asperger's, and sensory processing disorders
260 _aNew York :
_bMcGraw-Hill,
_c2009.
300 _axii, 227 p. :
_bill. ;
_c23 cm.
500 _aIncludes bibliographical references (p. 217-220) and index.
500 _a"Enhance your child's development through play." -- Cover, p.1.
504 _aIncludes bibliographical references (p. 217-220) and index.
505 0 _aThe how of engagement -- Sensory development -- Gross motor skills -- Fine motor skills -- Communication -- Social sense -- School ready -- Home activities -- Outdoor activities -- Adopting brand-name games -- Glossary of common terms.
521 _aEDU
650 0 _aAutistic children
_xRehabilitation.
650 0 _aAsperger's syndrome in children
_xPatients
_xRehabilitation.
650 0 _aSensory disorders in children
_xPatients
_xRehabilitation.
650 0 _aGames.
906 _a7
_bcbc
_corignew
_d1
_eecip
_f20
_gy-gencatlg
942 _2lcc
_cBK
_kFOR
999 _c39071
_d39071